000 00501nam a2200109 4500
008 250929b |||||||| |||| 00| 0 eng d
245 _aवेद प्रकाश
_cअजयकुमार द्वारा सम्पादित
260 _aनई दिल्ली
_bविजयकुमार गोविन्दराम हासानंद
_c04 July 2025
300 _aVol 74, No. 05
310 _aमासिक
_b04 जुलाई 2025
942 _2ddc
_cSR
_mवेदप्र
_s1
999 _c213507
_d213507